Dinh dưỡng và thức ăn gia súc
Sách giúp cho người đọc có thêm những hiểu biết mới về vai trò các chất dinh dưỡng, về mối quan hệ cân bằng giữa các chất nhất là mối quan hệ giữa năng lượng - protein, năng lượng - axit amin, những kỹ thuật mới ước tính chính xác...
保存先:
| 第一著者: | |
|---|---|
| フォーマット: | 図書 |
| 言語: | Undetermined |
| 出版事項: |
Hà Nội
Nông nghiệp
1997
|
| 主題: | |
| タグ: |
タグ追加
タグなし, このレコードへの初めてのタグを付けませんか!
|
| Thư viện lưu trữ: | Trung tâm Học liệu Trường Đại học Cần Thơ |
|---|
| LEADER | 01414nam a2200217Ia 4500 | ||
|---|---|---|---|
| 001 | CTU_127420 | ||
| 008 | 210402s9999 xx 000 0 und d | ||
| 082 | |a 636.085 | ||
| 082 | |b Gi106 | ||
| 100 | |a Vũ, Duy Giảng | ||
| 245 | 0 | |a Dinh dưỡng và thức ăn gia súc | |
| 245 | 0 | |c Vũ Duy Giảng, Nguyễn Thị Lương Hồng, Tôn Thất Sơn | |
| 260 | |a Hà Nội | ||
| 260 | |b Nông nghiệp | ||
| 260 | |c 1997 | ||
| 520 | |a Sách giúp cho người đọc có thêm những hiểu biết mới về vai trò các chất dinh dưỡng, về mối quan hệ cân bằng giữa các chất nhất là mối quan hệ giữa năng lượng - protein, năng lượng - axit amin, những kỹ thuật mới ước tính chính xác giá trị năng lượng và protein cho động vật nuôi nhất là cho loài nhai lại, những công nghệ mới trong dự trữ chế biến thức ăn đã giúp cho động vật nuôi phát huy tối đa tiềm năng di truyền và nâng cao hiệu quả sử dụng thức ăn. | ||
| 526 | |a Luận văn tốt nghiệp,Luận văn tốt nghiệp | ||
| 526 | |b NNN900,XH756 | ||
| 650 | |a Animal feeding | ||
| 904 | |i Hạ Nguyên | ||
| 980 | |a Trung tâm Học liệu Trường Đại học Cần Thơ | ||